Topografia twarzy - profil - Statystyki

Ogólne statystyki
  • Ten quiz został rozwiązany 12 razy
    7 od ostatniego zresetowania
  • Średni wynik to 4 z 14
Odpowiedzi na mapie
Odpowiedzi zakodowano w zielono-czerwonej skali na mapie do tego quizu, zgodnie z poniższymi procentami.
 
Statystyki odpowiedzi
Odpowiedź % Poprawnych
Cheilon Ch
80%
Gnathion Gn kostny
40%
Subnasale Sn
40%
Trichion Tr
40%
Glabella G
20%
Gnathion Gn
20%
Gonion Go
20%
Labrale inferius Li
20%
Labrale superius Ls
20%
Nasion N
20%
Orbitale Or
20%
Pogonion Pg
20%
Stomion St
20%
Tragion T
20%
Nie znaleziono quizów pasujących do podanych kryteriów
Rozkład punktacji
Procent ludzi z każdym wynikiem
Percentyl według liczby udzielonych odpowiedzi
Twoja historia wyników
Nie rozwiązałeś tego quizu od ostatniego zresetowania